Statistiques concernant Villes du monde - A à Z - XXL

Cliquez ici pour prendre le quiz!

Statistiques générales

  • Ce quiz a été pris 142 fois
  • Le résultat moyen est 45 sur 130

Statistiques - réponses

IndiceLettreVille% Correct
Capitale du plus grand pays d'AfriqueAAlger
82%
Capitale de la ToscaneFFlorence
75%
Ville bretonneQQuimper
74%
Capitale du Burkina FasoOOuagadougou
70%
Plus grand port d'EuropeRRotterdam
70%
Capitale de l'EstonieTTallinn
70%
Ancienne capitale du JaponKKyoto
69%
Ville française un temps candidate pour accueillir les JO d'hiver 2018AAnnecy
68%
Capitale du KosovoPPristina
68%
On y a signé des lois antisémites en 1935NNuremberg
66%
Ville ou s'est déroulé l'élément déclencheur de la Première Guerre MondialeSSarajevo
66%
Capitale de la CroatieZZagreb
65%
Capitale de TaiwanTTaipei
64%
Capitale d'un pays frontalier de la Suisse et de l'AutricheVVaduz
63%
Ville associée à Charles MartelPPoitiers
62%
Ville cubaine connue pour sa base militaire américaineGGuantanamo
61%
Port italienGGênes
59%
Fin de la capitale du Mexique ( 4 lettres )XXico
59%
Ville éponyme de cette province francophone d'Amérique du NordQQuébec
58%
Le dernier dinosaureDDenver
57%
On y demande des miraclesLLourdes
57%
Capitale du LaosVVientiane
56%
On peut y voir jouer l'EintrachtFFrancfort
55%
Ville dont Éric Piolle est maireGGrenoble
55%
Île tanzanienneZZanzibar
55%
Capitale du BelizeBBelmopan
54%
Capitale du ZimbabweHHarare
54%
Pas celui de PanamaSSuez
54%
Capitale du HondurasTTegucigalpa
54%
Capitale du TadjikistanDDouchanbé
51%
Neuvième ville d'AfriqueJJohannesburg
50%
Capitale d'OmanMMascate
50%
On y inventa un sport qui porte son nomRRugby
50%
Berceau de la marque FordDDetroit
49%
Ville principale de la plus grande île grecqueHHéraklion
49%
Ville du nord du MarocTTanger
49%
Ville turque proche de RhodesIIzmir
48%
Capitale du KazakhstanNNoursoultan
48%
Ville hôte des JO d'hiver 2010VVancouver
48%
Ville de Pennsylvanie bordant un grand lac du même nomEErie
46%
Plus grande ville de FlorideJJacksonville
46%
Capitale du MalawiLLilongwe
46%
La Camorra y fait la loiNNaples
46%
Ville néerlandaiseUUtrecht
46%
On y trouve de nombreux talents comme Trae Young ou encore les MigosAAtlanta
45%
Port suédoisGGöteborg
45%
Capitale du pays hôte de la Coupe d'Afrique des Nations 2022YYaoundé
45%
Seule ville hôte des JO d'été ET d'hiverPPékin
43%
Plus grande ville de la côte Est de la RussieVVladivostok
43%
Non loin de la baie d'Ha LongHHanoï
42%
Capitale de TuvaluFFunafuti
41%
Dans le Missouri, malgré son nomKKansas City
41%
On y visite le musée de l'ErmitageSSaint Pétersbourg
41%
Plus grande ville de l'Australie-MéridionaleAAdelaïde
39%
Ville anglaise proche du Pays de GallesBBristol
39%
Marco Reus lui a toujours été fidèleDDortmund
39%
Tony Parker y a marqué les espritsSSan Antonio
39%
Co-capitale d'un pays d'AfriqueBBloemfontein
38%
Ville chinoise de 12M d'habitants, capitale de la province du ShaanxiXXi'an
37%
Sa version 2.0 est une grosse pommeYYork
37%
Deuxième ville du PakistanLLahore
36%
Louis Bertignac, Alain Chabat, Robert Ménard ou encore Étienne Daho y sont tous nésOOran
36%
Du même nom que l'enclave russe où elle se trouveKKaliningrad
33%
Si vous arrivez à Copenhague par un pont, alors vous en venezMMalmö
33%
Ville guatémaltèque comportant le nom d'un oiseau multicoloreQQuetzaltenango
33%
Là où vivent les HiérosolymitainsJJerusalem
32%
Ville du New Jersey connue pour son immense aéroport internationalNNewark
32%
Ville allemande qui a donné son nom à une université parisienneUUlm
31%
Capitale de NauruYYaren
31%
On y voit jouer le GrasshopperZZürich
30%
Siège de l'Union AfricaineAAddis Abeba
29%
Cinquième ville du BrésilFFortaleza
29%
Ville natale de Lionel MessiRRosario
29%
Capitale du RajasthanJJaipur
27%
Borde le lac VictoriaKKampala
27%
Capitale de la FlorideTTallahassee
27%
Capitale du ManitobaWWinnipeg
27%
Capitale du WyomingCCheyenne
26%
Plus grande ville du pays situé au sud du KenyaDDar Es Salaam
26%
Ville espagnole, ou bien surnom d'Ernesto GuevaraEElche
25%
Naomi porte son nomOOsaka
24%
Capitale de l'état le plus au sud du BrésilPPorto Alegre
24%
Anagramme de l'acolyte d'IniestaXXiva
23%
Ville texaneEEl Paso
22%
Ville tentaculaire du Pakistan, et aussi de l'IndeHHyderabad
22%
Ville hôte des JO d'été de 1976MMontréal
22%
On peut y encourager Damian Lillard et son équipePPortland
21%
On y voit du foot à Elland RoadLLeeds
20%
Plus grande ville de l'Ouest de la ChineUÜrumqi
20%
Si Joe Dassin avait sifflé sur la colline avec des X plutôt qu'avec des ZXXai-Xai
20%
Quatrième ville d'IndonésieBBandung
19%
Ville suédoise à moins d'une heure au nord de StockholmUUppsala
19%
Ville de la banlieue de ManilleQQuezon City
18%
Ville ukrainienne où a eu lieu un massacre pendant l'invasion russe en 2022BBoutcha
17%
Chef-lieu du comté de DevonEExeter
17%
MAINTENANT, vous allez avoir besoin de CHANCELLucknow
17%
Ville chinoise dont le nom fait référence à l'une des plus grandes dynasties de l'empire chinoisQQingdao
17%
On y trouve la principale usine VolkswagenWWolfsbourg
17%
Ville chinoise de 7M d'habitants, de la région de FuzhouXXiamen
17%
Ville de Bavière, berceau d'AudiIIngolstadt
16%
Ville natale de Rafael NadalMManacor
16%
Ville italienne faisant face à la SicileRReggio de Calabre
16%
Ancienne capitale de BirmanieYYangon
16%
Ville côtière de CroatieZZadar
16%
On y trouve le plus gros aéroport de Corée du SudIIncheon
15%
La France y a battu l'Uruguay en quarts de finale de la Coupe du Monde 2018NNizhny Novgorod
15%
Ville hôte des JO d'hiver de 1972SSapporo
15%
Ville tentaculaire, capitale de la région de SichuanCChengdu
14%
Capitale du SaskatchewanRRegina
14%
Ville de la côte Nord-Ouest de la FinlandeOOulu
13%
Deuxième ville de BulgarieVVarna
13%
Dans cette ville on traîne, entre le béton les plainesCCaen
12%
Ville côtière chinoise au large de TaïwanFFuzhou
12%
Au nord de LagosIIbadan
12%
Chef-lieu du comté de SuffolkIIpswich
11%
Ville italienne de la région de CalabreCCrotone
10%
Ville hongroise non loin des frontières autrichienne et slovaqueGGyör
10%
Ville de CisjordanieHHebron
10%
Ville d'AndalousieJJaén
10%
Ville bolivienne située entre La Paz, Sucre et Santa Cruz de la SierraCCochabamba
9%
Deuxième ville d'AfghanistanKKandahar
7%
Ville de Jamaïque connue pour ses plagesMMontego Bay
6%
L'une des villes qui compose BruxellesUUccle
6%
Connue pour ses pneusYYokohama
6%
Ville du sud-est de l'IrlandeWWaterford
4%
Entre Amsterdam et GroningenZZwolle
4%
Ville côtière d'Afrique du Sud empruntant le nom d'une ville anglaiseEEast London
3%
Ville montagneuse de BolivieOOruro
3%
Ville du Delaware ou Joe Biden a été Sénateur pendant des décenniesWWilmington
3%
Compose, avec Birmingham et West Bromwich, l'agglomération des West MidlandsWWolverhampton
3%

Distribution des résultats

Percentile par nombre de réponses

% des personnes avec chaque résultat

Votre développement - résultats

Vous n’avez pas pris ce quiz